000
00328nam a2200133Ia 4500
008
191201s2011 xx 000 0 und d
100
_a
BLOWFIELD,Michael
245
0
_a
Corporate Responsibility A Critical Introduction
250
_a
Rep
260
_a
N. Delhi
_b
Oxford
_c
2011
300
_a
452
650
_a
MBA
942
_2
ddc
_c
BK
999
_c
4804
_d
4804